000 00642pam a2200217 a 4500
020 _a0471851345
082 0 0 _a694.1
_bPAR
_cL-14, P-174
100 1 _aParker, Harry,
_940845
245 1 0 _aSimplified design of structural wood /
_cHarry Parker.
250 _a4th ed. /
260 _aNew York :
_bWiley,
_cc1988.
300 _axiv, 305 p. :
_bill. ;
_c22 cm.
500 _a"A Wiley-Interscience publication."
500 _aIncludes index.
526 _a0
_b0
_c0
_d694_100000000000000_PAR
650 0 _aBuilding, Wooden.
_925296
650 0 _aMCE
_9379
650 0 _aStructural design.
700 1 _aAmbrose, James E.
_91
942 _2ddc
_cBK
999 _c549066
_d549066